00437nam a2200157 a 4500001001300000003000900013005001700022008004100039020000900080082001700089245003200106260007100138300000800209500003500217710002700252nice12345678IN_TiNIC20260116014311.0080421s0000 newa grd 000 0 eng  ac6000a297.09bCEN2 aShadow of God on Earth (CD) aNew Delhi bCentre for Development of Instruction Technlogy c0000 a00p aincludes index and biblioraphy2 aCentre for Development